| 000 | 00888cam a2200277 i 4500 | ||
|---|---|---|---|
| 001 | 27628 | ||
| 003 | BD-RjUL | ||
| 005 | 20211209051159.0 | ||
| 008 | 140325s1981 maua b 000 0 eng d | ||
| 020 | _a0870733567 : | ||
| 020 | _a0870733575 (pbk.) : | ||
| 035 | _a(BD-RjUL)27707 | ||
| 040 |
_aDLC _cDLC _dDLC _dBD-RjUL _beng |
||
| 041 | _aeng | ||
| 082 | 0 | 0 |
_a974.043 _bNEW 1981 |
| 245 | 0 | 0 |
_aNew England politics / _cJosephine F. Milburn and Victoria Schuck, editors ; foreword by Michael Dukakis. |
| 260 |
_aCambridge, Mass. : _bSchenkman Pub. Co., _cc1981. |
||
| 300 |
_axvii, 315 p. : _bill. ; _c22 cm. |
||
| 504 | _aIncludes bibliographical references. | ||
| 651 | 0 |
_aNew England _xPolitics and government. _984857 |
|
| 700 | 1 |
_aMilburn, Josephine F. _984858 |
|
| 700 | 1 |
_aSchuck, Victoria. _984859 |
|
| 942 |
_2ddc _cBK |
||
| 999 |
_c27628 _d27628 |
||